Bayern Squad 2019-2020 - Statistics

General Stats
  • This quiz has been taken 1,278 times
  • The average score is 18 of 23
Answer Stats
Position Nation # Player % Correct
GK Germany 1 Manuel Neuer
99%
ST Poland 9 Robert Lewandowski
97%
LM Canada 19 Alphonso Davies
92%
LB Austria 27 David Alaba
92%
LW France 29 Kingsley Coman
91%
RB Germany 32 Joshua Kimmich
90%
CM Spain 6 Thiago
88%
CA Germany 25 Thomas Muller
88%
CB Germany 17 Jerome Boateng
87%
RW Germany 22 Serge Gnabry
87%
LW Croatia 14 Ivan Perisic
85%
CB France 5 Benjamin Pavard
83%
CDM Spain 8 Javi Martinez
83%
CB Germany 4 Niklas Sule
82%
CB France 21 Lucas Hernandez
81%
LW Brazil 10 Philippe Coutinho
80%
CM France 24 Corentin Tolisso
79%
CM Germany 18 Leon Goretzka
79%
GK Germany 26 Sven Ulreich
74%
CM Portugal 35 Renato Sanches
59%
CM France 11 Michael Cuisance
33%
ST Germany 15 Jann Fiete Arp
30%
GK Germany 36 Christian Fruchtl
29%
No matching quizzes found
Score Distribution
Percent of People with Each Score
Percentile by Number Answered
Your Score History
You have not taken this quiz